[Event "BPB Limburg open B"]
[Site "Maastricht"]
[Date "2014.06.09"]
[Round "6"]
[White "Van Doorn, Hans"]
[Black "Cornelius, Jorg"]
[Result "1/2-1/2"]
[WhiteElo "1928"]
[BlackElo "2039"]
[PlyCount "32"]
[EventDate "2014.06.06"]
[EventType "swiss"]
[EventRounds "7"]
[EventCountry "NED"]
[Source "P.Boonen"]
[SourceDate "2014.10.10"]

1. d4 Nf6 2. Nf3 c5 3. e3 e6 4. Bd3 Nc6 5. O-O d5 6. b3 Bd6 7. Bb2 cxd4 8. exd4
Qc7 9. Re1 O-O 10. a3 a6 11. Nbd2 b5 12. Ne5 Bb7 13. Re3 Rac8 14. f4 Ne7 15.
Rc1 Nf5 16. Rh3 Qb6 1/2-1/2

[Event "BPB Limburg open B"]
[Site "Maastricht"]
[Date "2014.06.09"]
[Round "6"]
[White "Van Hoorn, Frank"]
[Black "Wuijts, Johan"]
[Result "1-0"]
[WhiteElo "1665"]
[BlackElo "1756"]
[PlyCount "79"]
[EventDate "2014.06.06"]
[EventType "swiss"]
[EventRounds "7"]
[EventCountry "NED"]
[Source "P.Boonen"]
[SourceDate "2014.10.10"]

1. e4 e6 2. d4 d5 3. Nc3 Bb4 4. e5 c5 5. a3 Bxc3+ 6. bxc3 Ne7 7. Nf3 Nbc6 8. a4
Qa5 9. Qd2 cxd4 10. cxd4 Bd7 11. Ba3 Qxd2+ 12. Kxd2 Rc8 13. a5 Nf5 14. Bc5 f6
15. Bd3 Kf7 16. Rhb1 Rc7 17. Bxf5 exf5 18. Bd6 Rhc8 19. Bxc7 Rxc7 20. c3 g5 21.
exf6 Kxf6 22. Ne1 f4 23. Nd3 Bf5 24. Re1 Bxd3 25. Kxd3 h5 26. g3 Kf5 27. h3
fxg3 28. fxg3 g4 29. Rf1+ Kg6 30. h4 Re7 31. Rae1 Rxe1 32. Rxe1 Nxa5 33. Re6+
Kf7 34. Re5 Nc6 35. Rxd5 a5 36. Rxh5 a4 37. Rh7+ Ke6 38. Rxb7 a3 39. Rb6 Kd5
40. c4+ 1-0

[Event "BPB Limburg open B"]
[Site "Maastricht"]
[Date "2014.06.09"]
[Round "6"]
[White "Van den Berg, Jaap"]
[Black "Geboers, Jimmy"]
[Result "0-1"]
[WhiteElo "1879"]
[BlackElo "1907"]
[PlyCount "114"]
[EventDate "2014.06.06"]
[EventType "swiss"]
[EventRounds "7"]
[EventCountry "NED"]
[Source "P.Boonen"]
[SourceDate "2014.10.10"]

1. e4 e6 2. Qe2 Be7 3. Nf3 d5 4. exd5 exd5 5. g3 Nf6 6. Bg2 O-O 7. O-O c6 8. d3
Bg4 9. a3 Bd6 10. Bg5 Nbd7 11. Nbd2 Re8 12. Qd1 h6 13. Bxf6 Qxf6 14. Qc1 Re2
15. c3 Qf5 16. Nd4 Qxd3 17. Nxe2 Bxe2 18. Re1 Ne5 19. Bf1 Bxf1 20. Rxe5 Bxe5
21. Nxf1 d4 22. cxd4 Bxd4 23. Rb1 Re8 24. Qd1 Qxd1 25. Rxd1 Bxb2 26. Rb1 Bxa3
27. Rxb7 Re7 28. Rb3 Bc5 29. Rc3 Bb6 30. Rxc6 Re2 31. Ne3 Bxe3 32. fxe3 Rxe3
33. Rc8+ Kh7 34. Rc7 a5 35. Rxf7 a4 36. Kf2 Rb3 37. Kg2 Rb2+ 38. Kh3 a3 39. Ra7
a2 40. Kg4 Rxh2 41. Kf3 Kg6 42. Ra6+ Kf5 43. Ra5+ Ke6 44. g4 Kd6 45. Kf4 Kc6
46. Kf5 Kb6 47. Ra3 Kb5 48. Kg6 Kb4 49. Ra8 Kb3 50. Kxg7 Kb2 51. Rb8+ Kc1 52.
Rc8+ Kb1 53. Rb8+ Rb2 54. Ra8 Rg2 55. Rb8+ Ka1 56. Ra8 Rxg4+ 57. Kxh6 Rg2 0-1

[Event "BPB Limburg open B"]
[Site "Maastricht"]
[Date "2014.06.09"]
[Round "6"]
[White "Vandenbroucke, Tim"]
[Black "Ramaekers, Philippe"]
[Result "1-0"]
[WhiteElo "1878"]
[BlackElo "1893"]
[PlyCount "57"]
[EventDate "2014.06.06"]
[EventType "swiss"]
[EventRounds "7"]
[EventCountry "NED"]
[Source "P.Boonen"]
[SourceDate "2014.10.10"]

1. e4 e5 2. Nf3 Nc6 3. Bc4 Nf6 4. d3 Be7 5. Nc3 O-O 6. h3 d6 7. a4 h6 8. Be3
Be6 9. Bxe6 fxe6 10. d4 exd4 11. Nxd4 Nxd4 12. Qxd4 Nh5 13. e5 Bg5 14. O-O-O
Rxf2 15. Ne4 Nf4 16. Kb1 Rxg2 17. exd6 Nd5 18. Bxg5 hxg5 19. c4 Nf4 20. d7 a5
21. h4 Ra6 22. c5 Ne2 23. Qe5 gxh4 24. Rxh4 Rg1 25. Rh8+ Kxh8 26. Qh5+ Kg8 27.
Qe8+ Kh7 28. Rxg1 Qh4 29. Ng5+ 1-0

[Event "BPB Limburg open B"]
[Site "Maastricht"]
[Date "2014.06.09"]
[Round "6"]
[White "Vanhuyse, Nele"]
[Black "Dirksen, Marieke"]
[Result "1/2-1/2"]
[WhiteElo "1940"]
[BlackElo "2005"]
[PlyCount "36"]
[EventDate "2014.06.06"]
[EventType "swiss"]
[EventRounds "7"]
[EventCountry "NED"]
[Source "P.Boonen"]
[SourceDate "2014.10.10"]

1. e4 c5 2. Nf3 d6 3. c3 Nf6 4. Bd3 Bg4 5. Bc2 e5 6. d3 Nc6 7. Nbd2 d5 8. O-O
d4 9. h3 Bd7 10. Nc4 Qc7 11. Ba4 Bd6 12. Nxd6+ Qxd6 13. Bxc6 Bxc6 14. c4 Nd7
15. Nh4 g6 16. f4 Qe7 17. Nf3 f6 18. fxe5 Nxe5 1/2-1/2

[Event "BPB Limburg open B"]
[Site "Maastricht"]
[Date "2014.06.09"]
[Round "6"]
[White "Verhoef, Pieter"]
[Black "Verheij, Albert"]
[Result "1-0"]
[WhiteElo "1893"]
[BlackElo "1850"]
[PlyCount "92"]
[EventDate "2014.06.06"]
[EventType "swiss"]
[EventRounds "7"]
[EventCountry "NED"]
[Source "P.Boonen"]
[SourceDate "2014.10.10"]

1. e4 d6 2. d4 Nf6 3. Nc3 g6 4. Nf3 Bg7 5. h3 O-O 6. Be3 Nc6 7. Qd2 Re8 8. Bh6
Bxh6 9. Qxh6 e5 10. d5 Nd4 11. O-O-O Nxf3 12. gxf3 Nh5 13. Bd3 Qh4 14. Ne2 Qf6
15. Qe3 Nf4 16. h4 Bd7 17. h5 Nxe2+ 18. Qxe2 g5 19. h6 Kh8 20. Rdg1 Rg8 21. Rg3
Rg6 22. Rhg1 Rag8 23. b3 Rxh6 24. Qe3 Rhg6 25. Qxa7 Bc8 26. Qa5 Qe7 27. Qd2 h5
28. Rh1 h4 29. a4 Kg7 30. Rgg1 Kf8 31. Kb2 g4 32. fxg4 Bxg4 33. Qe1 Bf3 34.
Rxg6 fxg6 35. Rh3 Bg4 36. Rh2 g5 37. b4 Bf3 38. Qe3 Bg4 39. a5 Bc8 40. b5 Qf6
41. f3 g4 42. fxg4 Rxg4 43. a6 bxa6 44. bxa6 Rg3 45. Qa7 Rxd3 46. cxd3 Qf4 1-0

[Event "BPB Limburg open B"]
[Site "Maastricht"]
[Date "2014.06.09"]
[Round "6"]
[White "Visser, Sebastiaan"]
[Black "Limbach, Torsten"]
[Result "1/2-1/2"]
[WhiteElo "1874"]
[BlackElo "1985"]
[PlyCount "90"]
[EventDate "2014.06.06"]
[EventType "swiss"]
[EventRounds "7"]
[EventCountry "NED"]
[Source "P.Boonen"]
[SourceDate "2014.10.10"]

1. d4 d5 2. Nf3 Nf6 3. c4 e6 4. Bg5 h6 5. Bh4 g5 6. Bg3 Ne4 7. Nbd2 Nxg3 8.
hxg3 Bg7 9. Qc2 Nc6 10. e3 O-O 11. cxd5 exd5 12. Bb5 Qf6 13. Bxc6 Qxc6 14. Qxc6
bxc6 15. Rc1 Rb8 16. b3 Rb6 17. Nb1 Re8 18. O-O Ra6 19. Nc3 Bd7 20. Na4 Re7 21.
Ne1 Bf5 22. Nc2 Bxc2 23. Rxc2 Bf8 24. Nc5 Rb6 25. Rfc1 Kg7 26. Na4 Ra6 27. Rxc6
Rxc6 28. Rxc6 Rd7 29. Nc5 Bxc5 30. Rxc5 f6 31. Rc6 Kf7 32. Kf1 Ke7 33. Ke2 h5
34. f4 g4 35. Kd3 f5 36. Rh6 Rd6 37. Rh7+ Kd8 38. Rxh5 Rf6 39. Rh7 Kc8 40. Re7
Kb7 41. b4 a6 42. a4 Kc6 43. Re5 Kd6 44. Kc3 Rf8 45. a5 c6 1/2-1/2

[Event "BPB Limburg open B"]
[Site "Maastricht"]
[Date "2014.06.09"]
[Round "6"]
[White "Westerweele, Henrik"]
[Black "Leontiev, Oleg"]
[Result "1-0"]
[WhiteElo "1960"]
[BlackElo "1896"]
[PlyCount "75"]
[EventDate "2014.06.06"]
[EventType "swiss"]
[EventRounds "7"]
[EventCountry "NED"]
[Source "P.Boonen"]
[SourceDate "2014.10.10"]

1. e4 e6 2. d4 d5 3. e5 c5 4. c3 Qb6 5. Nf3 Nc6 6. a3 cxd4 7. cxd4 Nge7 8. b4
Nf5 9. Bb2 Be7 10. Bd3 O-O 11. h4 g6 12. Be2 h5 13. Kf1 Bd7 14. Nc3 Na5 15. Rg1
Kg7 16. Bc1 Nc4 17. Bxc4 dxc4 18. d5 Nxh4 19. Nxh4 Bxh4 20. Be3 Qd8 21. Qd2 Re8
22. g3 exd5 23. gxh4 Bh3+ 24. Ke1 Rxe5 25. Qd4 f6 26. Rg3 Bg4 27. Kd2 Qe7 28.
Rag1 b6 29. f3 Bf5 30. Qf4 Rh8 31. Bd4 Kh7 32. Bxe5 fxe5 33. Qg5 Qd7 34. Qf6 d4
35. Ne4 c3+ 36. Kc1 Qa4 37. Qf7+ Kh6 38. Rxg6+ 1-0

[Event "BPB Limburg open B"]
[Site "Maastricht"]
[Date "2014.06.09"]
[Round "6"]
[White "Willockx, Ritsaart"]
[Black "Frijling, Jeroen"]
[Result "1/2-1/2"]
[WhiteElo "1952"]
[BlackElo "1835"]
[PlyCount "61"]
[EventDate "2014.06.06"]
[EventType "swiss"]
[EventRounds "7"]
[EventCountry "NED"]
[Source "P.Boonen"]
[SourceDate "2014.10.10"]

1. d4 Nf6 2. c4 c6 3. Nc3 d5 4. e3 a6 5. Nf3 b5 6. cxb5 cxb5 7. Ne5 Nbd7 8. Nd3
e6 9. Be2 Bd6 10. O-O Bb7 11. f4 O-O 12. Bd2 Rc8 13. Rc1 Ne4 14. Nxe4 dxe4 15.
Ne5 Qe7 16. Nxd7 Qxd7 17. Rxc8 Rxc8 18. Qb1 Bd5 19. Rc1 Rxc1+ 20. Bxc1 Qc7 21.
Bd2 f5 22. Kf2 Bc4 23. Bxc4 Qxc4 24. b3 Qc7 25. Qc1 Qxc1 26. Bxc1 Kf7 27. Ke2
Ke7 28. Kd1 Kd7 29. Bb2 g6 30. Kc2 Kc6 31. Bc3 1/2-1/2

[Event "BPB Limburg open B"]
[Site "Maastricht"]
[Date "2014.06.09"]
[Round "6"]
[White "Wlogalski, Olivier"]
[Black "Senders, Justin"]
[Result "1/2-1/2"]
[WhiteElo "1896"]
[BlackElo "1957"]
[PlyCount "118"]
[EventDate "2014.06.06"]
[EventType "swiss"]
[EventRounds "7"]
[EventCountry "NED"]
[Source "P.Boonen"]
[SourceDate "2014.10.10"]

1. d4 Nf6 2. c4 c5 3. d5 b5 4. Nf3 bxc4 5. Nc3 d6 6. e4 g6 7. Bxc4 Bg7 8. O-O
O-O 9. Re1 Bg4 10. h3 Bxf3 11. Qxf3 Nbd7 12. Qe2 Rb8 13. Bb5 Qb6 14. a4 Rfd8
15. a5 Qc7 16. f4 Nf8 17. Qc4 Kh8 18. Bd2 e6 19. a6 Rdc8 20. Ra2 h5 21. b3 Kh7
22. Na4 exd5 23. exd5 Nxd5 24. Qxd5 Rxb5 25. f5 Be5 26. fxg6+ fxg6 27. Rf1 Kg7
28. Bc3 Nh7 29. Raf2 Rf8 30. Rxf8 Nxf8 31. Bxe5+ dxe5 32. Nc3 Rb4 33. Ne4 Rd4
34. Qxc5 Ne6 35. Qxc7+ Nxc7 36. Rc1 Nxa6 37. Ra1 Rxe4 38. Rxa6 Rb4 39. Rxa7+
Kf6 40. Ra3 Kf5 41. Kf2 h4 42. Ke3 Rb5 43. Kf3 g5 44. Ke3 g4 45. hxg4+ Kxg4 46.
Kf2 Rb6 47. Ra4+ Kg5 48. Re4 Rb5 49. b4 Rd5 50. Ke2 Rb5 51. Kd1 Rb8 52. Kc2 Kf5
53. Rxh4 Rg8 54. g4+ Kf4 55. b5 Rb8 56. g5+ Kxg5 57. Rb4 Kf5 58. Kd3 Ke6 59.
Ke4 Kd6 1/2-1/2

[Event "BPB Limburg open B"]
[Site "Maastricht"]
[Date "2014.06.09"]
[Round "6"]
[White "Yildiz, Kemal"]
[Black "Laan, Yorick"]
[Result "0-1"]
[WhiteElo "1938"]
[BlackElo "1776"]
[PlyCount "88"]
[EventDate "2014.06.06"]
[EventType "swiss"]
[EventRounds "7"]
[EventCountry "NED"]
[Source "P.Boonen"]
[SourceDate "2014.10.10"]

1. e4 e6 2. d4 d5 3. e5 c5 4. c3 Nc6 5. Nf3 Qb6 6. Bd3 Bd7 7. O-O cxd4 8. cxd4
Nxd4 9. Nxd4 Qxd4 10. Nc3 Qb6 11. Qg4 Nh6 12. Bxh6 gxh6 13. Rab1 O-O-O 14. Rfe1
Kb8 15. Qf4 Rg8 16. Ne2 Be7 17. h4 h5 18. Rf1 Qb4 19. Qxb4 Bxb4 20. Nf4 Rg4 21.
g3 h6 22. Be2 Rgg8 23. Bxh5 Rgf8 24. Be2 Bc6 25. a3 Bd2 26. Nd3 Bb5 27. Rfd1
Ba5 28. Nf4 Bxe2 29. Nxe2 Rc8 30. Rbc1 Rxc1 31. Rxc1 Rc8 32. Kg2 Rc6 33. Kf3
Kc7 34. Kg4 Bb6 35. f4 Be3 36. Rxc6+ bxc6 37. Kh5 c5 38. Kxh6 Bd2 39. Kg7 d4
40. h5 d3 41. Ng1 Bxf4 42. Nf3 Bxe5+ 43. Kxf7 Bxb2 44. Ng5 d2 0-1

[Event "BPB Limburg open B"]
[Site "Maastricht"]
[Date "2014.06.09"]
[Round "6"]
[White "Zatyko, Ferry"]
[Black "Hoelting, Siegfried"]
[Result "1/2-1/2"]
[WhiteElo "1776"]
[BlackElo "1938"]
[PlyCount "34"]
[EventDate "2014.06.06"]
[EventType "swiss"]
[EventRounds "7"]
[EventCountry "NED"]
[Source "P.Boonen"]
[SourceDate "2014.10.10"]

1. e4 e5 2. Nf3 Nc6 3. Bc4 Bc5 4. O-O d6 5. c3 Nf6 6. d4 exd4 7. cxd4 Bb6 8. d5
Ne5 9. Nxe5 dxe5 10. Bg5 O-O 11. Nc3 a6 12. h3 h6 13. Bh4 Qd6 14. Qd2 Bd4 15.
Nd1 Bd7 16. Rc1 Rac8 17. Bd3 c6 {.....} 1/2-1/2

[Event "BPB Limburg open B"]
[Site "Maastricht"]
[Date "2014.06.09"]
[Round "6"]
[White "Zimmermann, Michael"]
[Black "Passchyn, Maarten"]
[Result "0-1"]
[WhiteElo "1902"]
[BlackElo "1936"]
[PlyCount "66"]
[EventDate "2014.06.06"]
[EventType "swiss"]
[EventRounds "7"]
[EventCountry "NED"]
[Source "P.Boonen"]
[SourceDate "2014.10.10"]

1. e4 c5 2. c4 Nc6 3. Nc3 g6 4. g3 Bg7 5. Nge2 d6 6. Bg2 e5 7. d3 Nge7 8. Be3
Be6 9. h3 Qd7 10. Qd2 O-O 11. Bh6 f5 12. Bxg7 Kxg7 13. f4 Nd4 14. exf5 Bxf5 15.
Nxd4 exd4 16. Ne2 d5 17. g4 Be6 18. O-O dxc4 19. Ng3 cxd3 20. f5 Bd5 21. f6+
Rxf6 22. Rxf6 Kxf6 23. Qh6 Bxg2 24. Kxg2 Qd5+ 25. Kg1 Qe5 26. Kf2 Nd5 27. Nh5+
Ke6 28. Re1 Ne3 29. Nf4+ Kd6 30. Nxd3 Qh2+ 31. Kf3 Qg2+ 32. Kf4 Nd5+ 33. Kg5
Qd2+ 0-1

[Event "BPB Limburg open B"]
[Site "Maastricht"]
[Date "2014.06.09"]
[Round "7"]
[White "Alvarez Carbajales, Fermin"]
[Black "Broekhuis, Jan"]
[Result "1-0"]
[WhiteElo "1952"]
[BlackElo "1842"]
[PlyCount "45"]
[EventDate "2014.06.06"]
[EventType "swiss"]
[EventRounds "7"]
[EventCountry "NED"]
[Source "P.Boonen"]
[SourceDate "2014.10.10"]

1. e4 e6 2. d4 d5 3. Nc3 dxe4 4. Nxe4 Nd7 5. Nf3 Ngf6 6. Bd3 Be7 7. Qe2 c6 8.
Bd2 b6 9. O-O-O Bb7 10. Neg5 O-O 11. h4 c5 12. Bc3 Bxf3 13. gxf3 h6 14. dxc5
Nd5 15. Bxg7 Kxg7 16. Nxe6+ fxe6 17. Qxe6 N7f6 18. Rhg1+ Kh8 19. Rg6 Nf4 20.
Rdg1 Nxd3+ 21. cxd3 Nh7 22. Rxh6 Bf6 23. Rxh7+ 1-0

[Event "BPB Limburg open B"]
[Site "Maastricht"]
[Date "2014.06.09"]
[Round "7"]
[White "Auwens, Michiel"]
[Black "Tutenel, Erik"]
[Result "1/2-1/2"]
[WhiteElo "1881"]
[BlackElo "1863"]
[PlyCount "95"]
[EventDate "2014.06.06"]
[EventType "swiss"]
[EventRounds "7"]
[EventCountry "NED"]
[Source "P.Boonen"]
[SourceDate "2014.10.10"]

1. e4 e5 2. Bc4 Nf6 3. d3 Nc6 4. Nf3 Be7 5. O-O a6 6. a4 d6 7. h3 O-O 8. Re1
Na5 9. Ba2 c5 10. c3 Nc6 11. Nbd2 Re8 12. Nf1 Bf8 13. Ne3 g6 14. Bd2 Bg7 15. b4
cxb4 16. cxb4 Be6 17. Nc4 b5 18. axb5 axb5 19. Na5 Qd7 20. Bxe6 fxe6 21. Qb3
Nd4 22. Nxd4 exd4 23. Rac1 Rac8 24. f4 Kh8 25. Qb2 e5 26. Nb3 Nh5 27. fxe5 dxe5
28. Rxc8 Rxc8 29. Nc5 Qc6 30. g4 Nf6 31. Bg5 Nd7 32. Rc1 Nxc5 33. Rxc5 Qa6 34.
Qc1 Rxc5 35. bxc5 Qc6 36. Be7 Kg8 37. Qc2 Bf8 38. Qa2+ Kg7 39. Qa7 Qe8 40. Bd6+
Kf6 41. Bxf8 Qxf8 42. Qb6+ Kg5 43. Qxb5 Qf3 44. Qb1 Qg3+ 45. Kh1 Qxh3+ 46. Kg1
Qg3+ 47. Kh1 Qh3+ 48. Kg1 1/2-1/2

[Event "BPB Limburg open B"]
[Site "Maastricht"]
[Date "2014.06.09"]
[Round "7"]
[White "Been, Klaas"]
[Black "Bauchmueller, Franz Josef"]
[Result "0-1"]
[WhiteElo "1799"]
[BlackElo "1789"]
[PlyCount "116"]
[EventDate "2014.06.06"]
[EventType "swiss"]
[EventRounds "7"]
[EventCountry "NED"]
[Source "P.Boonen"]
[SourceDate "2014.10.10"]

1. d4 d5 2. Nf3 Bf5 3. e3 e6 4. Bd3 Bxd3 5. Qxd3 c6 6. Nbd2 Nf6 7. O-O Be7 8.
Ne5 O-O 9. f3 Nbd7 10. f4 Nxe5 11. fxe5 Nd7 12. Nf3 c5 13. c3 c4 14. Qe2 b5 15.
e4 Nb6 16. Bf4 h6 17. Bg3 a6 18. Rae1 Na4 19. exd5 Qxd5 20. Qc2 Nb6 21. a3 a5
22. Qd2 Nd7 23. Bh4 Bxh4 24. Nxh4 Nc5 25. Qe2 Nd3 26. Rd1 Qd8 27. Nf3 Qe7 28.
Ne1 Nxe1 29. Qxe1 Rab8 30. Rf3 Rb7 31. Qg3 Kh7 32. Rdf1 f6 33. exf6 gxf6 34.
Qh4 f5 35. Qf4 Rg8 36. Re1 Qf6 37. Qe5 Rg6 38. Qxf6 Rxf6 39. Rfe3 Rb6 40. Re5
a4 41. d5 exd5 42. Rxd5 Kg6 43. Ree5 f4 44. Kf2 Rbd6 45. Kf3 Rxd5 46. Rxd5 Rf5
47. Rd6+ Kg5 48. Rd4 h5 49. Rd6 Re5 50. Rd4 h4 51. Rxf4 Rd5 52. Rd4 Rxd4 53.
cxd4 b4 54. Ke3 c3 55. Kd3 cxb2 56. Kc2 bxa3 57. g3 hxg3 58. hxg3 Kf5 0-1

[Event "BPB Limburg open B"]
[Site "Maastricht"]
[Date "2014.06.09"]
[Round "7"]
[White "Behr, Rene"]
[Black "Bieberle, Gerhart"]
[Result "1/2-1/2"]
[WhiteElo "1867"]
[BlackElo "1923"]
[PlyCount "51"]
[EventDate "2014.06.06"]
[EventType "swiss"]
[EventRounds "7"]
[EventCountry "NED"]
[Source "P.Boonen"]
[SourceDate "2014.10.10"]

1. d4 d5 2. Nf3 g6 3. Bf4 Bg7 4. Nc3 a6 5. e4 dxe4 6. Nxe4 Nf6 7. Nxf6+ Bxf6 8.
Bc4 O-O 9. c3 b5 10. Bd3 Bb7 11. O-O Nd7 12. Ne5 c5 13. Re1 c4 14. Be4 Bxe4 15.
Rxe4 Bxe5 16. Bxe5 Ra7 17. Qe2 Nxe5 18. Rxe5 Rd7 19. h4 e6 20. h5 Qf6 21. a4
Rb8 22. axb5 axb5 23. h6 Rd5 24. Rxd5 exd5 25. Re1 Kf8 26. Qe5 1/2-1/2

[Event "BPB Limburg open B"]
[Site "Maastricht"]
[Date "2014.06.09"]
[Round "7"]
[White "Broekmeulen, Joris"]
[Black "Holscher, Peter"]
[Result "1-0"]
[WhiteElo "2035"]
[BlackElo "2049"]
[PlyCount "91"]
[EventDate "2014.06.06"]
[EventType "swiss"]
[EventRounds "7"]
[EventCountry "NED"]
[Source "P.Boonen"]
[SourceDate "2014.10.10"]

1. Nf3 f5 2. c4 Nf6 3. Nc3 g6 4. g3 Bg7 5. Bg2 d6 6. d4 O-O 7. O-O c6 8. Qc2
Na6 9. Bg5 Be6 10. b3 Nb4 11. Qd2 a5 12. Bxf6 Bxf6 13. Rad1 d5 14. c5 b6 15.
Na4 bxc5 16. Nxc5 Bc8 17. a3 Na6 18. Nd3 Qb6 19. Qc3 Rb8 20. Rb1 Be6 21. Nf4
Bf7 22. Ne5 Bxe5 23. dxe5 e6 24. Rfc1 Rbc8 25. h4 c5 26. Qe3 d4 27. Qd3 Nc7 28.
b4 axb4 29. axb4 cxb4 30. Rc6 Qa5 31. Qc4 Be8 32. Rc5 Bb5 33. Qxd4 Rcd8 34.
Qxb4 Rd1+ 35. Kh2 Qxb4 36. Rxb4 Na6 37. Rbxb5 Nxc5 38. Rxc5 Re8 39. Rc7 Rb1 40.
Nxe6 Rb6 41. Bd5 Rbxe6 42. Rc6 Kf7 43. Rxe6 Rxe6 44. Bxe6+ Kxe6 45. f4 h5 46.
Kg2 1-0

[Event "BPB Limburg open B"]
[Site "Maastricht"]
[Date "2014.06.09"]
[Round "7"]
[White "Coenen, Siegfried"]
[Black "Broekhuizen, Pieter"]
[Result "1-0"]
[WhiteElo "1992"]
[BlackElo "1837"]
[PlyCount "61"]
[EventDate "2014.06.06"]
[EventType "swiss"]
[EventRounds "7"]
[EventCountry "NED"]
[Source "P.Boonen"]
[SourceDate "2014.10.10"]

1. e4 d6 2. d4 Nf6 3. Bd3 c6 4. f4 g6 5. Nf3 Bg4 6. h3 Bxf3 7. Qxf3 Bg7 8. O-O
Nbd7 9. e5 Ng8 10. f5 dxe5 11. fxg6 Ngf6 12. gxf7+ Kf8 13. Qe3 Nd5 14. Qg3 e6
15. Bg5 Qb6 16. c4 Qxd4+ 17. Kh1 N5f6 18. Nc3 Kxf7 19. Rad1 Qb6 20. Bg6+ Ke7
21. Ne4 Raf8 22. Qa3+ c5 23. Bxh7 Rxh7 24. Rxd7+ Kxd7 25. Nxf6+ Rxf6 26. Bxf6
Bxf6 27. Qd3+ Qd6 28. Qxh7+ Be7 29. Qh5 Kc6 30. Rd1 Qc7 31. Qf3+ 1-0

[Event "BPB Limburg open B"]
[Site "Maastricht"]
[Date "2014.06.09"]
[Round "7"]
[White "Cornelius, Jorg"]
[Black "Gunther, Marcella"]
[Result "1/2-1/2"]
[WhiteElo "2039"]
[BlackElo "1922"]
[PlyCount "85"]
[EventDate "2014.06.06"]
[EventType "swiss"]
[EventRounds "7"]
[EventCountry "NED"]
[Source "P.Boonen"]
[SourceDate "2014.10.10"]

1. e4 c5 2. Nc3 Nc6 3. f4 g6 4. Nf3 Bg7 5. g3 d6 6. Bg2 e6 7. O-O Nge7 8. d3
O-O 9. Bd2 a6 10. Rb1 Rb8 11. h3 b5 12. a3 Bb7 13. g4 Nd4 14. Nxd4 Bxd4+ 15.
Kh1 Nc6 16. Qe1 Bg7 17. f5 Nd4 18. Ne2 Nxc2 19. Qc1 Nd4 20. Nxd4 Bxd4 21. Bh6
Re8 22. f6 Bxf6 23. Qf4 Be5 24. Qxf7+ Kh8 25. Qf2 Qe7 26. Qd2 Bg7 27. Bg5 Qd7
28. Rf2 Rf8 29. Rbf1 Rxf2 30. Rxf2 Rf8 31. Rxf8+ Bxf8 32. d4 cxd4 33. Qxd4+ Bg7
34. Bf6 e5 35. Bxg7+ Kxg7 36. Qb6 Qc6 37. Qd8 Qc1+ 38. Kh2 Qf4+ 39. Kh1 Bxe4
40. Qe7+ Kg8 41. Qe8+ Kg7 42. Qe7+ Kg8 43. Qe8+ 1/2-1/2

[Event "BPB Limburg open B"]
[Site "Maastricht"]
[Date "2014.06.09"]
[Round "7"]
[White "Cromsight, Jeroen"]
[Black "Vandenbroucke, Tim"]
[Result "1-0"]
[WhiteElo "1939"]
[BlackElo "1878"]
[PlyCount "83"]
[EventDate "2014.06.06"]
[EventType "swiss"]
[EventRounds "7"]
[EventCountry "NED"]
[Source "P.Boonen"]
[SourceDate "2014.10.10"]

1. e4 c5 2. Nf3 g6 3. c4 Nc6 4. d4 cxd4 5. Nxd4 Bg7 6. Nc2 Nf6 7. Nc3 d6 8. Be2
Be6 9. O-O O-O 10. f3 Nd7 11. Nd5 a6 12. Rb1 Rb8 13. Be3 b5 14. Qd2 bxc4 15.
Bxc4 a5 16. b3 Nce5 17. Be2 Nc5 18. Nd4 Bd7 19. Rfc1 Ne6 20. Rc2 Nxd4 21. Bxd4
Nc6 22. Bxg7 Kxg7 23. Rxc6 Bxc6 24. Qc3+ Kg8 25. Qxc6 e6 26. Ne3 Rc8 27. Qb5
Rc3 28. Nd1 Rc5 29. Qd3 f5 30. Nf2 Qe7 31. Rd1 d5 32. exd5 Rxd5 33. Qe3 Rxd1+
34. Nxd1 Re8 35. Bc4 Kf7 36. Nc3 Qd6 37. Ne2 a4 38. Nd4 axb3 39. Bxb3 Kf6 40.
Nxe6 Qe5 41. Qxe5+ Kxe5 42. Kf2 1-0

[Event "BPB Limburg open B"]
[Site "Maastricht"]
[Date "2014.06.09"]
[Round "7"]
[White "Dalemans, Diana"]
[Black "Bekedam, Tyro"]
[Result "1/2-1/2"]
[WhiteElo "1965"]
[BlackElo "1809"]
[PlyCount "75"]
[EventDate "2014.06.06"]
[EventType "swiss"]
[EventRounds "7"]
[EventCountry "NED"]
[Source "P.Boonen"]
[SourceDate "2014.10.10"]

1. e4 c6 2. Nc3 d5 3. Nf3 Bg4 4. h3 Bh5 5. exd5 cxd5 6. Bb5+ Nc6 7. g4 Bg6 8.
Ne5 Qd6 9. d4 a6 10. Bxc6+ bxc6 11. Nxg6 hxg6 12. Qd3 Nf6 13. g5 Nd7 14. a3 e5
15. dxe5 Qxe5+ 16. Qe2 Bd6 17. Bf4 Qxe2+ 18. Nxe2 Bxf4 19. Nxf4 O-O-O 20. O-O-O
Rde8 21. Rde1 Ne5 22. Re3 d4 23. Rb3 Nd7 24. f3 Re5 25. Rg1 Rh4 26. Rg4 Rxg4
27. hxg4 Rxg5 28. Rb4 c5 29. Ra4 Kb7 30. b4 Ne5 31. Nh3 Nxf3 32. Nxg5 Nxg5 33.
bxc5 Ne6 34. c6+ Kxc6 35. Rxa6+ Kb7 36. Rd6 Kc7 37. Ra6 Kb7 38. Rd6 1/2-1/2

[Event "BPB Limburg open B"]
[Site "Maastricht"]
[Date "2014.06.09"]
[Round "7"]
[White "De Feijter, Bas"]
[Black "Boschmans, Johan"]
[Result "1/2-1/2"]
[WhiteElo "1894"]
[BlackElo "1878"]
[PlyCount "82"]
[EventDate "2014.06.06"]
[EventType "swiss"]
[EventRounds "7"]
[EventCountry "NED"]
[Source "P.Boonen"]
[SourceDate "2014.10.10"]

1. d4 d5 2. c4 c6 3. Nf3 Nf6 4. e3 e6 5. b3 Nbd7 6. Bb2 Bd6 7. Bd3 O-O 8. Ne5
c5 9. f4 cxd4 10. exd4 b6 11. Nd2 Bb7 12. Qe2 Bb4 13. O-O Bxd2 14. Qxd2 Ne4 15.
Qe2 f5 16. Ba3 Rf6 17. cxd5 exd5 18. Rac1 Rh6 19. g3 Ndf6 20. Nc6 Bxc6 21. Rxc6
Ng4 22. Rxh6 Nxh6 23. Ba6 Ng4 24. Qd3 Ngf6 25. Rc1 Qe8 26. Rc7 Qh5 27. Bc8 Ng4
28. Be6+ Kh8 29. Qc2 Re8 30. Bf7 g6 31. Bxe8 Nef2 32. Qxf2 Nxf2 33. Kxf2 Qxh2+
34. Kf3 Qh1+ 35. Ke2 Qh2+ 36. Kf3 Qxa2 37. Bd6 Qxb3+ 38. Kf2 Qa2+ 39. Kf3 Qb3+
40. Kf2 Qa2+ 41. Kf3 Qb3+ 1/2-1/2

[Event "BPB Limburg open B"]
[Site "Maastricht"]
[Date "2014.06.09"]
[Round "7"]
[White "De Mey, Juan Pablo"]
[Black "Reichardt, Gert"]
[Result "0-1"]
[WhiteElo "1946"]
[BlackElo "1872"]
[PlyCount "104"]
[EventDate "2014.06.06"]
[EventType "swiss"]
[EventRounds "7"]
[EventCountry "NED"]
[Source "P.Boonen"]
[SourceDate "2014.10.10"]

1. d4 Nf6 2. c4 e6 3. Nc3 Bb4 4. e3 b6 5. Nge2 Ne4 6. a3 Bxc3+ 7. Nxc3 Nxc3 8.
bxc3 Bb7 9. d5 O-O 10. Be2 d6 11. O-O Nd7 12. e4 e5 13. Qc2 Qe7 14. g3 Rae8 15.
Be3 Nf6 16. Kg2 Bc8 17. f3 h6 18. h4 Nh7 19. Bd3 f6 20. Rh1 Rf7 21. Rag1 Kh8
22. Kf1 Ref8 23. g4 g5 24. Ke1 Kg7 25. Qd2 Rg8 26. Be2 a5 27. Rh2 Rh8 28. Rgh1
Rff8 29. Bd3 Rfg8 30. Qb2 Bd7 31. Qg2 Nf8 32. hxg5 hxg5 33. Qf2 Ng6 34. Rh5
Rxh5 35. gxh5 Nf4 36. Kd2 Rh8 37. Bxb6 cxb6 38. Qxb6 a4 39. c5 dxc5 40. d6 Qe6
41. Qxc5 Nxd3 42. Kxd3 Rc8 43. Qd5 Qxd5+ 44. exd5 Bf5+ 45. Kd2 Rc5 46. Rd1
Rxd5+ 47. Ke2 Rxd1 48. Kxd1 Kh6 49. c4 Kxh5 50. Kd2 Kg6 51. Kc3 Kf7 52. c5 e4
0-1